Szczegóły MARC21

Rynek bancassurance w Polsce : praca magisterska /

003 -Nazwa inst., której nr kontr. jest w polu 001 [,]
    • @
    • Nazwa instytucji, której n kontrolny jest w polu 001
    • NUKAT
005 -DATA I CZAS OSTATNIEJ MODYFIKACJI [,]
    • @
    • pole kontrolne
    • 20241231104812.0
020 -Międzynarod. znormalizowany nr książki - ISBN [ , ]
    • a
    • Numer ISBN
    • 9788392798002 Find
040 -Instytucja sporządzająca opis [ , ]
    • a
    • Instytucja, która sporządziła opis (NP)
    • TOR U/AJ
    • c
    • Instytucja, która sporządziła rekord (NP)
    • TOR U/AJ
    • d
    • Instytucja, która zmodyfikowała rekord (P)
    • TOR U/LF
    • d
    • Instytucja, która zmodyfikowała rekord (P)
    • KR 93/BL
    • d
    • Instytucja, która zmodyfikowała rekord (P)
    • KR 93/BJs
942 -Rodzaj dokumentu [ , ]
    • c
    • Rodzaj dokumentu
    • Książka
100 -Hasło główne - nazwa osobowa [1, ]
    • a
    • Nazwa osobowa (NP)
    • Zacharska, Agata.
    • 9
    • KHW
    • 705232
245 -Strefa tytułu i oznaczenia odpowiedzialności [1,0]
    • a
    • Tytuł
    • Rynek bancassurance w Polsce : Find
    • b
    • Ciąg dalszy tytułu (NP)
    • praca magisterska / Find
    • c
    • Pozostałe elementy strefy tytułu i oznaczenia odpowiedzialności (NP)
    • Agata Zacharska ; Akademia Ekonomiczna im. Oskara Langego we Wrocławiu.
260 -Strefa adresu wydawniczego [ , ]
    • a
    • Miejsce wydania (P)
    • Warszawa :
    • b
    • Nazwa wydawcy (P)
    • Fundacja Warty i Kredyt Banku "Razem możemy więcej",
    • c
    • Data wydania (P)
    • 2008.
300 -Strefa opisu fizycznego [ , ]
    • a
    • Określenie formy książki i/lub objętość (NP)
    • 114, [1] s. :
    • b
    • Oznaczenie ilustracji (NP)
    • il. ;
    • c
    • Format (NP)
    • 24 cm.
336 -Typ zawartości [ , ]
    • a
    • Termin opisujący typ zawartości
    • Tekst
    • b
    • Kod określający zawartość
    • txt
    • 2
    • Źródło (terminu i kodu)
    • rdacontent
337 -Typ mediów [ , ]
    • a
    • Tryb odtwarzania
    • Bez urządzenia pośredniczącego
    • b
    • Kod typu mediów
    • n
    • 2
    • Źródło (terminu i kodu)
    • rdamedia
338 -Typ/rodzaj nośnika [ , ]
    • a
    • Hasło opisujące typ nośnika
    • Wolumin
    • b
    • Kod typu nośnika
    • nc
    • 2
    • Źródło (terminu i kodu)
    • rdacarrier
500 -Uwaga ogólna [ , ]
    • a
    • Uwaga ogólna (NP)
    • Praca magisterska.
504 -Uwaga dot. bibliogr. załącznikowej [ , ]
    • a
    • Uwaga dot. bibliografii załącznikowej
    • Wykaz aktów prawnych s. 114.
504 -Uwaga dot. bibliogr. załącznikowej [ , ]
    • a
    • Uwaga dot. bibliografii załącznikowej
    • Bibliogr. s. 111-113.
586 -Uwaga dot. nagrody [8, ]
    • a
    • Uwaga dot. nagrody
    • Praca nagrodzona w X edycji Konkursu Kredyt Banku S.A. i Towarzystwa Ubezpieczeń i Reasekuracji WARTA S.A. na najlepsze prace magisterskie i doktorskie z dziedziny ubezpieczeń, bankowości i bancassurance.
080 -Uniwersalna Klasyfikacja Dziesiętna [ , ]
    • 2
    • Identyfikator wydania tablic
    • UDC-P058
    • 9
    • UKD
    • 3126
    • a
    • Symbol klasyfikacji
    • 336.13
    • b
    • Dopowiedzenie
    • Finanse sektorów publicznych.
    • 4
    • UKD2
    • 8288
    • x
    • Poddział wspólny
    • (043)
    • c
    • Dopowiedzenie poddz. wspólnego
    • (Prace dyplomowe. Rozprawy doktorskie. Dysertacje).
080 -Uniwersalna Klasyfikacja Dziesiętna [ , ]
    • 2
    • Identyfikator wydania tablic
    • UDC-P058
    • 9
    • UKD
    • 2190
    • a
    • Symbol klasyfikacji
    • 005.56
    • b
    • Dopowiedzenie
    • Zarządzanie. Współpraca. Współdziałanie. Współudział.
    • 4
    • UKD2
    • 8288
    • x
    • Poddział wspólny
    • (043)
    • c
    • Dopowiedzenie poddz. wspólnego
    • (Prace dyplomowe. Rozprawy doktorskie. Dysertacje).
080 -Uniwersalna Klasyfikacja Dziesiętna [ , ]
    • 2
    • Identyfikator wydania tablic
    • UDC-P058
    • 9
    • UKD
    • 3165
    • a
    • Symbol klasyfikacji
    • 336.71
    • b
    • Dopowiedzenie
    • Bankowość. Banki.
    • 4
    • UKD2
    • 8288
    • x
    • Poddział wspólny
    • (043)
    • c
    • Dopowiedzenie poddz. wspólnego
    • (Prace dyplomowe. Rozprawy doktorskie. Dysertacje).
    • 4
    • UKD2
    • 7642
    • x
    • Poddział wspólny
    • (438)
    • c
    • Dopowiedzenie poddz. wspólnego
    • (Polska).
080 -Uniwersalna Klasyfikacja Dziesiętna [ , ]
    • 2
    • Identyfikator wydania tablic
    • UDC-P058
    • 9
    • UKD
    • 3798
    • a
    • Symbol klasyfikacji
    • 368.02
    • b
    • Dopowiedzenie
    • Techniki i metody ubezpieczeń. Umowy ubezpieczeniowe. Polisy. Maklerzy (brokerzy) ubezpieczeniowi. Rynek ubezpieczeniowy. Składki. Premie ubezpieczeniowe.
    • 4
    • UKD2
    • 8288
    • x
    • Poddział wspólny
    • (043)
    • c
    • Dopowiedzenie poddz. wspólnego
    • (Prace dyplomowe. Rozprawy doktorskie. Dysertacje).
    • 4
    • UKD2
    • 7642
    • x
    • Poddział wspólny
    • (438)
    • c
    • Dopowiedzenie poddz. wspólnego
    • (Polska).
650 -Hasło przedmiotowe [ ,7]
    • a
    • Hasło przedmiotowe
    • Bancassurance
    • z
    • Określnik geograficzny
    • Polska
    • v
    • Określnik formalny
    • rozprawy akademickie.
    • 2
    • Źródło terminu
    • kaba
    • 9
    • KHW
    • 368316
650 -Hasło przedmiotowe [ ,7]
    • a
    • Hasło przedmiotowe
    • Bancassurance
    • v
    • Określnik formalny
    • rozprawy akademickie.
    • 2
    • Źródło terminu
    • kaba
    • 9
    • KHW
    • 368317
980 -Symbol UKD [ , ]
    • a
    • UKD
    • 336.13:005.56:[336.71:368.02](438)](043)
920 -ISBN [ , ]
    • a
    • ISBN
    • 978-83-927980-0-2 Find
Status udost. Numer inwentarzowy Lokalizacja Data inwentaryzacji
-2E.71950BE2009-05-21